The Penguin dictionary of archaeology /

محفوظ في:

المؤلف الرئيسي: Bray, Warwick (مؤلف)

مؤلفون آخرون: Trump, David H.

التنسيق: كتاب

اللغة: English

الطبعة: Second edition.

سلاسل: Penguin reference books.

الموضوعات:

الوسوم: إضافة وسم

لا توجد وسوم, كن أول من يضع وسما على هذه التسجيلة!

رقم الطلب: ( REF )CC70 .B73 1982

LEADER 00907namaa2200265 4500
001 17102
003 OSt
005 20210807112940.0
008 130303s1982 enka g d 000 0 eng d
952 |0 0  |1 0  |2 lcc  |4 0  |7 1  |9 17495  |a ARCE  |b ARCE  |d 2021-08-07  |l 0  |o ( REF )CC70 .B73 1982  |p 1033439  |r 2021-08-07 00:00:00  |w 2021-08-07  |y BK 
999 |c 14360  |d 14360 
010 |a 72187248 
040 |c ARCE Library 
050 0 4 |a ( REF )CC70 .B73 1982 
100 1 |a Bray, Warwick,  |e author 
245 1 4 |a The Penguin dictionary of archaeology /  |c by Warwick Bray, David Trump; drawings by Judith Newcomer. 
250 |a Second edition. 
264 1 |a Harmondsworth :  |b Penguin Books,  |c 1982. 
300 |a 288 pages :  |b illustrations ;  |c 22 cm. 
490 0 |a Penguin reference books. 
650 0 |a Archaeology  |v Dictionaries 
700 1 |a Trump, David H.  |9 41281 
740 0 |a Dictionary of archaeology. 
901 |a reviewed 
942 |c BK  |2 lcc